Online
Catalog
Normal view MARC view

Entry Término temático

Number of records used in: 5

001 - NÚMERO DE CONTROL

  • campo de control: 4113

003 - IDENTIFICADOR DEL NÚMERO DE CONTROL

  • campo de control: BNPHU

005 - FECHA Y HORA DE LA ÚLTIMA TRANSACCIÓN

  • campo de control: 20250314133042.0

008 - DATOS DE LONGITUD FIJA

  • campo de control de longitud fija: 200615|| aca||aabn | a|a d

010 ## - NÚMERO DE CONTROL DE LA BIBLIOTECA DEL CONGRESO

  • Número de control de LC: sh 85047239

040 ## - FUENTE DE LA CATALOGACIÓN

  • Centro catalogador/agencia de origen: DO-SdBNP
  • Lengua de catalogación: spa
  • Centro/agencia transcriptor: BNPHU
  • Normas de descripción: rda

150 ## - ENCABEZAMIENTO--TÉRMINO DE MATERIA

  • Término de materia o nombre geográfico como elemento de entrada: Productos agrícolas

450 0# - TRAZADO DE VÉASE--TÉRMINO DE MATERIA

  • Término de materia o nombre geográfico como elemento de entrada: Farm produce

450 ## - TRAZADO DE VÉASE--TÉRMINO DE MATERIA

  • Término de materia o nombre geográfico como elemento de entrada: Bienes agrícolas

550 ## - TRAZADO VÉASE ADEMÁS--TÉRMINO DE MATERIA

  • Término de materia o nombre geográfico como elemento de entrada: Agricultura
  • Subcampo de control: g

550 ## - TRAZADO VÉASE ADEMÁS--TÉRMINO DE MATERIA

  • Término de materia o nombre geográfico como elemento de entrada: Materias primas
  • Subcampo de control: g

550 ## - TRAZADO VÉASE ADEMÁS--TÉRMINO DE MATERIA

  • Término de materia o nombre geográfico como elemento de entrada: Productos vegetales

550 ## - TRAZADO VÉASE ADEMÁS--TÉRMINO DE MATERIA

  • Término de materia o nombre geográfico como elemento de entrada: Comercio de productos agrícolas

550 ## - TRAZADO VÉASE ADEMÁS--TÉRMINO DE MATERIA

  • Término de materia o nombre geográfico como elemento de entrada: Cultivos
  • Subcampo de control: h

550 ## - TRAZADO VÉASE ADEMÁS--TÉRMINO DE MATERIA

  • Término de materia o nombre geográfico como elemento de entrada: Productos hortícolas
  • Subcampo de control: h

550 ## - TRAZADO VÉASE ADEMÁS--TÉRMINO DE MATERIA

  • Término de materia o nombre geográfico como elemento de entrada: Productos agrícolas excedentes
  • Subcampo de control: h

670 ## - FUENTE DE DATOS ENCONTRADOS

  • Cita de la fuente: Work cat.: (OSt)1155: Análisis de cadenas agroindustriales en Ecuador y Perú., 1993.

670 ## - FUENTE DE DATOS ENCONTRADOS

  • Número de control del registro bibliográfico: https://authorities.loc.gov/cgi-bin/Pwebrecon.cgi?AuthRecID=4698974&v1=1&HC=6&SEQ=20250314101528&PID=On6h8xyK-_0AzkAu6py50v5UzPyVC Consultado en 13 de Marzo, 2025

670 ## - FUENTE DE DATOS ENCONTRADOS

  • Número de control del registro bibliográfico: https://librunam.dgb.unam.mx:8443/F/JC4KQ6QV4LKH3CPYTEECTAEGYSPMCHG5EN9XG15PEJG1KTY96P-00989?func=full-set-set&set_number=001155&set_entry=000002&format=001 Consultado en 13 de Marzo, 2025

Powered by Koha